| 000 | 00346 a2200133 4500 | ||
|---|---|---|---|
| 999 |
_c266862 _d266862 |
||
| 001 | 31789 | ||
| 003 | NUST | ||
| 005 | 20180119110928.0 | ||
| 008 | 180119b xxu||||| |||| 00| 0 eng d | ||
| 082 | _a621.3192HAY | ||
| 100 |
_aHayt, William _99065 |
||
| 245 |
_aEngineering Circuit Analysis, 5th Ed _cWilliam Hayt |
||
| 250 | _a5 | ||
| 260 |
_aN.Y _bMcGraw-Hill, NY _c1993 |
||
| 300 |
_axv, 706 p _bN-1119 origional copy |
||
| 942 |
_aNUST-CAE _k621.3192HAY _2ddc _cBK |
||